| 000 | 00339nam a2200133Ia 4500 | ||
|---|---|---|---|
| 008 | 210210b1988 xxu||||| |||| 00| 0 eng d | ||
| 082 | _a070 MANJ | ||
| 100 | _aMANN (Gian Singh). | ||
| 245 | _aJournalism: concept and controversy. | ||
| 260 |
_aLudhiana _bGagan Publishers _c1988 |
||
| 300 | _a142 | ||
| 690 | _aJournalism | ||
| 906 | _a048070 | ||
| 999 |
_c97210 _d97210 |
||